<?xml version="1.0" encoding="UTF-8"?>
<record
    xmlns:xsi="http://www.w3.org/2001/XMLSchema-instance"
    xsi:schemaLocation="http://www.loc.gov/MARC21/slim http://www.loc.gov/standards/marcxml/schema/MARC21slim.xsd"
    xmlns="http://www.loc.gov/MARC21/slim">

  <leader>00452nam a2200157   4500</leader>
  <datafield tag="020" ind1=" " ind2=" ">
    <subfield code="a">978813175687</subfield>
  </datafield>
  <datafield tag="082" ind1=" " ind2=" ">
    <subfield code="a">547 VOG</subfield>
  </datafield>
  <datafield tag="100" ind1=" " ind2=" ">
    <subfield code="a"> Vogel,Arthur.I</subfield>
  </datafield>
  <datafield tag="245" ind1=" " ind2=" ">
    <subfield code="a">Elementary Practical Organic Chemistry Qualitative Organic Analysis Part 2</subfield>
  </datafield>
  <datafield tag="250" ind1=" " ind2=" ">
    <subfield code="a">2</subfield>
  </datafield>
  <datafield tag="260" ind1=" " ind2=" ">
    <subfield code="a">Newyork</subfield>
    <subfield code="b">Pearson</subfield>
    <subfield code="c">1996</subfield>
  </datafield>
  <datafield tag="300" ind1=" " ind2=" ">
    <subfield code="a">432</subfield>
  </datafield>
  <datafield tag="490" ind1=" " ind2=" ">
    <subfield code="a">Elementary Practical Organic Chemistry</subfield>
  </datafield>
  <datafield tag="650" ind1=" " ind2=" ">
    <subfield code="a">Chemistry</subfield>
    <subfield code="a">Organic Chemistry</subfield>
    <subfield code="a">Qualitative Organic Analysis </subfield>
  </datafield>
  <datafield tag="942" ind1=" " ind2=" ">
    <subfield code="c">BK</subfield>
  </datafield>
  <datafield tag="999" ind1=" " ind2=" ">
    <subfield code="c">88</subfield>
    <subfield code="d">88</subfield>
  </datafield>
  <datafield tag="952" ind1=" " ind2=" ">
    <subfield code="0">0</subfield>
    <subfield code="1">0</subfield>
    <subfield code="7">0</subfield>
    <subfield code="8">NFIC</subfield>
    <subfield code="a">IC</subfield>
    <subfield code="b">IC</subfield>
    <subfield code="c">GEN</subfield>
    <subfield code="d">2015-02-17</subfield>
    <subfield code="g">966.00</subfield>
    <subfield code="l">10</subfield>
    <subfield code="o">547 VOG</subfield>
    <subfield code="p">005951</subfield>
    <subfield code="r">2023-05-31 00:00:00</subfield>
    <subfield code="s">2023-05-24</subfield>
    <subfield code="w">2015-02-17</subfield>
    <subfield code="y">BK</subfield>
  </datafield>
  <datafield tag="952" ind1=" " ind2=" ">
    <subfield code="0">0</subfield>
    <subfield code="1">0</subfield>
    <subfield code="7">0</subfield>
    <subfield code="8">NFIC</subfield>
    <subfield code="a">IC</subfield>
    <subfield code="b">IC</subfield>
    <subfield code="c">GEN</subfield>
    <subfield code="d">2015-02-17</subfield>
    <subfield code="g">966.00</subfield>
    <subfield code="l">8</subfield>
    <subfield code="o">547 VOG</subfield>
    <subfield code="p">006546</subfield>
    <subfield code="r">2023-02-02 00:00:00</subfield>
    <subfield code="s">2023-01-28</subfield>
    <subfield code="w">2015-02-17</subfield>
    <subfield code="y">BK</subfield>
  </datafield>
  <datafield tag="952" ind1=" " ind2=" ">
    <subfield code="0">0</subfield>
    <subfield code="1">0</subfield>
    <subfield code="7">0</subfield>
    <subfield code="8">NFIC</subfield>
    <subfield code="a">IC</subfield>
    <subfield code="b">IC</subfield>
    <subfield code="c">GEN</subfield>
    <subfield code="d">2015-02-17</subfield>
    <subfield code="g">966.00</subfield>
    <subfield code="l">12</subfield>
    <subfield code="o">547 VOG</subfield>
    <subfield code="p">006369</subfield>
    <subfield code="r">2023-02-09 00:00:00</subfield>
    <subfield code="s">2023-02-06</subfield>
    <subfield code="w">2015-02-17</subfield>
    <subfield code="y">BK</subfield>
  </datafield>
  <datafield tag="952" ind1=" " ind2=" ">
    <subfield code="0">0</subfield>
    <subfield code="1">0</subfield>
    <subfield code="7">0</subfield>
    <subfield code="8">NFIC</subfield>
    <subfield code="a">IC</subfield>
    <subfield code="b">IC</subfield>
    <subfield code="c">GEN</subfield>
    <subfield code="d">2015-02-17</subfield>
    <subfield code="g">966.00</subfield>
    <subfield code="l">10</subfield>
    <subfield code="o">547 VOG</subfield>
    <subfield code="p">006793</subfield>
    <subfield code="r">2024-08-02 09:23:59</subfield>
    <subfield code="s">2024-07-26</subfield>
    <subfield code="w">2015-02-17</subfield>
    <subfield code="y">BK</subfield>
  </datafield>
</record>
